| 000 | 00519nam a22001697a 4500 | ||
|---|---|---|---|
| 005 | 20251108163338.0 | ||
| 008 | 250721s1978 xx 000 0 ara d | ||
| 082 | 1 | 4 | _a170/ماج |
| 100 | 1 | _aفخرى، ماجد | |
| 245 | 1 | 0 |
_aالفكر الأخلاقي العربي : _bنصوص / |
| 264 | 1 |
_aبيروت : _bالأهلية للنشر والتوزيع، _c1978. |
|
| 300 | _a2ج . في مجلد واحد | ||
| 650 | 1 | 7 | _aالأخلاق |
| 650 | 1 | 7 | _aالآداب الإسلامية |
| 942 |
_2ddc _cBK |
||
| 999 |
_c348 _d348 |
||